| 000 | 01074cam a22002535a 4500 | ||
|---|---|---|---|
| 001 | L138261 | ||
| 008 | 070524e2006 xxk f 100 0 eng d | ||
| 035 | _a(Sirsi) u138261 | ||
| 041 | 0 | _aeng | |
| 100 | 1 | _aSullivan, K.T. | |
| 245 | 0 | 2 |
_aA new initiative _bFacility Management Research Institute _h[electronic resource] |
| 260 | _c2006 | ||
| 490 | 0 |
_aCOBRA _v2006 |
|
| 520 | _aDiscusses the creation of the Facility Management Research Institute (FMRI) at Arizona University, and the ways in which the institution provides education and research in support of facility managers. | ||
| 651 | 4 | _aARIZONA | |
| 690 | _aMANAGEMENT-FACILITIES MANAGEMENT-FACILITIES MANAGERS | ||
| 690 | _aCAREERS, EDUCATION AND TRAINING | ||
| 700 | 1 | _aBadger, W.W. | |
| 700 | 1 | _aKashiwagi, D. | |
| 700 | 1 | _aOkamura, P. | |
| 711 | 2 |
_aConstruction and Building Research Conference _cUniversity College London, London _d7-8 September 2006 |
|
| 856 | 4 | 0 |
_uhttps://www.rics.org/site/scripts/download_info.aspx?downloadID=2924 _zView the item free of charge at www.rics.org... |
| 942 | _n0 | ||
| 999 |
_c107091 _d107091 |
||